000 00614nam a2200229Ia 4500
003 OSt
005 20220928141820.0
006 a|||||r|||| 00| 0
007 ta
008 220927b |||||||| |||| 00| 0 eng d
024 _a17810
037 _cTextual
040 _aSDCL
_cSDCL
_beng
041 _2eng
_aeng
082 _aX:86, M2
100 _aRuskin Arnold M
_9502310
245 0 _aWhat every engineer should know about project management
260 _c1982
700 _a Estes W Eugene
_9502311
942 _hX:86, M2
_cTEXL
_2CC
999 _c820094
_d820094